00000000nam##2200000za#4500
0019.588794
003CaOODSP
00520250403104938
007cr |||||||||||
008150406|1989||||xxc|||||o    f|0| 0 fre|d
040 |aCaOODSP|bfre
041 |aeng
041 |afre
043 |an-cn---
0861 |aCS98-105/1989-PDF
24500|aOttawa-Hull |h[ressource électronique]
260 |aOttawa - Ontario : |bStatistique Canada |c1989.
300 |a90p.|bgraphiques, cartes
4901 |aSérie d'atlas métropolitains |v98-105
500 |aPublication du recensement historique numérisé par Statistique Canada.
590 |a13-12-Supp|b2013-05-10
69107|aCarte démographique|2gcpds
69107|aDonnées du recensement|2gcpds
7102 |aStatistique Canada.
791 |tOttawa-Hull |eeng|w(CaOODSP)9.588793
830#0|aSérie d'atlas métropolitains ;|v98-105|w(CaOODSP)9.500696
85640|ahttp://publications.gc.ca|qPDF|s38.2 Mo|uhttps://publications.gc.ca/collections/collection_2013/statcan/rh-hc/CS98-105-1989.pdf|y98-105